[Event "TCh-BEL 2010-11"]
[Site "Belgium BEL"]
[Date "2010.09.26"]
[Round "1.7"]
[White "Werner,Iv"]
[Black "Valentiny,B"]
[Result "1-0"]
[WhiteElo "2071"]
[BlackElo "2026"]

1.e4 d6 2.d4 Nf6 3.Nc3 Nbd7 4.f4 e5 5.Nf3 exd4 6.Nxd4 Be7 7.Bd3 O-O 8.O-O Re8
9.g4 Nc5 10.g5 Bg4 11.Qe1 Nxd3 12.cxd3 Nh5 13.Qh4 Nxf4 14.Bxf4 Bd7 15.Be3 c5
16.Nf5 Bf8 17.Nd5 Be6 18.Nf6+ gxf6 19.gxf6 Bxf5 20.Rxf5 Re5 21.Raf1 h6 22.Bxh6 Bxh6
23.Qxh6 Qf8 24.Qg5+ Kh8 25.R1f3  1-0

[Event "TCh-BEL 2010-11"]
[Site "Belgium BEL"]
[Date "2010.09.26"]
[Round "1.7"]
[White "Goossens,E"]
[Black "Verduyn,F"]
[Result "1-0"]
[WhiteElo "2231"]
[BlackElo "2186"]

1.e4 d6 2.d4 Nf6 3.Nc3 c6 4.f4 Qa5 5.Bd3 e5 6.Ne2 Bg4 7.Be3 Nbd7 8.Qd2 Bxe2
9.Bxe2 Be7 10.O-O Qc7 11.Kh1 b5 12.fxe5 dxe5 13.d5 a6 14.Rad1 cxd5 15.Nxd5 Nxd5
16.Qxd5 O-O-O 17.Rxf7 Rhe8 18.Qa8+  1-0

[Event "EYCC Girls U16"]
[Site "Batumi GEO"]
[Date "2010.09.27"]
[Round "8"]
[White "Langnerova,K"]
[Black "Unapkoshvili,N"]
[Result "1/2-1/2"]
[WhiteElo "1868"]
[BlackElo "1974"]

1.e4 d6 2.d4 Nf6 3.Nc3 e5 4.dxe5 dxe5 5.Qxd8+ Kxd8 6.Bg5 Be6 7.O-O-O+ Nd7
8.f4 exf4 9.Nf3 h6 10.Bxf4 Ng4 11.Nb5 Nf2 12.Nxc7 Nxd1 13.Nxa8 Nf2 14.Rg1 g5
15.Bg3 Bc5 16.Nc7 g4 17.Nxe6+ fxe6 18.Ne5 Rh7 19.Nxd7 Rxd7 20.Bb5 Be3+ 21.Kb1 Nxe4
22.Bh4+ Ng5 23.Bxg5+ hxg5 24.Bxd7 Bxg1 25.Bxe6 Bxh2 26.Bxg4 Kc7 27.c3 Kd6
28.Kc2 Ke5 29.Kd3  1/2-1/2

[Event "39th Olympiad Women"]
[Site "Khanty-Mansiysk RUS"]
[Date "2010.09.27"]
[Round "6"]
[White "Kosteniuk,A"]
[Black "Ushenina,A"]
[Result "1-0"]
[WhiteElo "2524"]
[BlackElo "2466"]

1.e4 d6 2.d4 Nf6 3.Nc3 e5 4.Nge2 c6 5.g3 g6 6.Bg2 Bg7 7.h3 O-O 8.Be3 b5 9.O-O Bb7
10.dxe5 dxe5 11.Qc1 Nbd7 12.g4 Re8 13.Ng3 Nf8 14.Nce2 N6d7 15.Rd1 Qe7 16.c4 b4
17.a3 Nc5 18.Qc2 a5 19.axb4 axb4 20.Bd2 Nce6 21.c5 Qxc5 22.Qb3 Qb6 23.Qxb4 Qxb4
24.Bxb4 Rec8 25.Ba3 Bh6 26.h4 Bg7 27.Bh3 Ba6 28.Rac1 Rab8 29.Rd6 Bb7 30.f3 Rd8
31.Kf2 Rxd6 32.Bxd6 Rd8 33.Ba3 Nc7 34.Nf1 Nb5 35.Be7 Re8 36.Bb4 Ne6 37.Nd2 Bf8
38.Bxf8 Kxf8 39.Nc4 Nd8 40.g5 f6 41.gxf6 Kg8 42.Bd7 Rf8 43.Nxe5 Rxf6 44.Nc4 Rf7
45.Rd1 Re7 46.Nc1 Nf7 47.Nb3 Nbd6 48.Nb6 Re5 49.Na4 Kf8 50.Nbc5 Ke7 51.Nxb7 Kxd7
52.f4 Rb5 53.Nxd6  1-0

[Event "39th Olympiad Men"]
[Site "Khanty-Mansiysk RUS"]
[Date "2010.09.27"]
[Round "6"]
[White "Kurmann,O"]
[Black "Izquierdo,D"]
[Result "0-1"]
[WhiteElo "2452"]
[BlackElo "2275"]

1.e4 d6 2.d4 Nf6 3.Nc3 e5 4.dxe5 dxe5 5.Qxd8+ Kxd8 6.Bc4 Ke8 7.Nf3 Bd6 8.Bg5 Nbd7
9.O-O-O a6 10.a4 Nb6 11.Bb3 Bg4 12.Rd3 Nbd7 13.Bxf6 Nxf6 14.Nd2 Ke7 15.Nd5+ Nxd5
16.Bxd5 Rab8 17.Rg3 Bh5 18.h4 c6 19.Bb3 h6 20.Rxg7 Rbg8 21.Rxg8 Rxg8 22.Rh2 Bc5
23.g3 b5 24.c3 Bg4 25.h5 Be2 26.Bd1 Bd3 27.Bc2 Be2 28.Bd1 Bd3 29.Rg2 Rg5
30.g4 Rg8 31.Bc2 Be2 32.Bd1 Bd3 33.Bc2 Be2 34.f3 Bc4 35.Bb3 Bd3 36.Bc2 Bc4
37.axb5 axb5 38.Bb3 Bd3 39.Bc2 Bc4 40.b3 Be6 41.b4 Be3 42.Kb2 Rd8 43.Nb1 Bc4
44.Na3 Bf1 45.Rh2 Rd2 46.Rxd2 Bxd2 47.Bd1 Kf6 48.Kc2 Be3 49.Nb1 Kg5 50.Nd2 Bg2
51.Nb3 Kf4 52.Kd3 f6 53.Na5 c5 54.bxc5 Bxc5 55.Nc6 Bxf3 56.Bxf3 Kxf3 57.Nd8 Kxg4
58.Ne6 Be7 59.Ng7 Kf3 60.Ne6 f5 61.exf5 e4+ 62.Kc2 Bf6 63.Nd4+ Kf2 64.Nxb5 e3
65.Nd6 Kf3 66.Nc4 e2 67.Nd2+ Ke3 68.Nc4+ Kf2 69.Nb2 e1=N+ 70.Kb3 Kg3 71.Kc4 Kg4
72.Nd1 Kxh5 73.Kd5 Kg5 74.Ke6 Nd3 75.c4 Nf4+ 76.Kd6 Bd4 77.c5 Kxf5 78.c6 Ne6
79.c7 Be5+ 80.Kd7 Nxc7 81.Ne3+ Ke4 82.Ng2 Bg3 83.Ke7 Kf3 84.Kf6 Kxg2 85.Kg6 Bf4  0-1

[Event "39th Olympiad Men"]
[Site "Khanty-Mansiysk RUS"]
[Date "2010.09.27"]
[Round "6"]
[White "Godena,M"]
[Black "Salgado Lopez,I"]
[Result "1/2-1/2"]
[WhiteElo "2551"]
[BlackElo "2595"]

1.e4 d6 2.d4 Nf6 3.Nc3 Nbd7 4.Nf3 e5 5.Bc4 Be7 6.O-O O-O 7.Re1 c6 8.a4 b6
9.b3 a6 10.Bb2 Bb7 11.Bd3 Re8 12.Nb1 Bf8 13.Nbd2 Qc7 14.c3 Rad8 15.Qc2 g6
16.Rad1 Qb8 17.Bf1 Qa8 18.h3 Be7 19.Qb1 exd4 20.cxd4 d5 21.e5 Nh5 22.e6 fxe6
23.Rxe6 Ng7 24.Ree1 Bb4 25.Qc1 Rxe1 26.Nxe1 Re8 27.Nd3 Bf8 28.a5 bxa5 29.Qc3 Qd8
30.Ra1 Ne6  1/2-1/2

[Event "EYCC Boys U16"]
[Site "Batumi GEO"]
[Date "2010.09.28"]
[Round "9"]
[White "Kovalev,Vl"]
[Black "Lortkipanidze,N"]
[Result "1-0"]
[WhiteElo "2328"]
[BlackElo "2239"]

1.e4 d6 2.d4 Nf6 3.Nc3 e5 4.Nf3 Nbd7 5.Bc4 Be7 6.O-O O-O 7.Re1 c6 8.a4 Qc7
9.h3 a5 10.Be3 h6 11.Nh4 d5 12.exd5 Nb6 13.d6 Qxd6 14.Bb3 exd4 15.Qxd4 Nbd5
16.Rad1 Be6 17.Ne4 Qb4 18.Qxb4 Nxb4 19.Ng6 Nxe4 20.Nxe7+ Kh7 21.Bxe6 fxe6
22.Bb6 Nd5 23.Nxd5 exd5 24.c4 Ra6 25.Bd4 Rf5 26.f3 Ng5 27.h4 Nf7 28.c5 Ra8
29.Re7 Kg8 30.Rd3 Kf8 31.Rxb7 Re8 32.Re3 Rxe3 33.Bxe3 Nd8 34.Ra7 Ne6 35.Rxa5 d4
36.Bd2 Re5 37.Kf2 d3 38.Be3 Nd4 39.Ra8+ Ke7 40.Bxd4 d2 41.Bxe5 d1=Q 42.Bd6+ Ke6
43.Re8+ Kf7 44.Re7+ Kg8 45.Kg3 Qxa4 46.Be5 Qb4 47.Rxg7+ Kf8 48.h5 Qxc5 49.Kf4 Qc1+
50.Kf5 Qh1 51.f4 Qxh5+ 52.Kf6 Qh4+ 53.Ke6 h5 54.Rg5 Qe1  1-0

[Event "EYCC Boys U16"]
[Site "Batumi GEO"]
[Date "2010.09.28"]
[Round "9"]
[White "Lagarde,Max"]
[Black "Khachykian,D"]
[Result "1-0"]
[WhiteElo "2433"]
[BlackElo "2176"]

1.e4 d6 2.d4 Nf6 3.Nc3 e5 4.Nf3 Nbd7 5.Bc4 Be7 6.O-O O-O 7.a4 c6 8.a5 Qc7
9.h3 h6 10.Be3 Rd8 11.dxe5 Nxe5 12.Bb3 Nxf3+ 13.Qxf3 Be6 14.Bxe6 fxe6 15.Qg3 Kh7
16.f4 d5 17.e5 Nd7 18.Qg4 Bc5 19.Bxc5 Nxc5 20.b4 Na6 21.Qxe6 Nxb4 22.Qg4 d4
23.Qe2 Kh8 24.Ne4 Nd5 25.Rf2 Rf8 26.Nd6 Ne3 27.Qd2 c5 28.Rb1 b6 29.c3 bxa5
30.cxd4 cxd4 31.Qxd4 Rab8 32.Rxb8 Qc1+ 33.Kh2 Rxb8 34.e6 Qe1 35.Rf3 Nf1+
36.Rxf1 Qxf1 37.Nf5 Rg8 38.Qe5 Qc4 39.Nxh6 Rf8 40.Nf5 Rxf5 41.Qxf5 Qc7 42.Qf8+  1-0

[Event "EYCC Boys U18"]
[Site "Batumi GEO"]
[Date "2010.09.28"]
[Round "9"]
[White "Huseyn,O"]
[Black "Pipia,B"]
[Result "1-0"]
[WhiteElo "2115"]
[BlackElo "1993"]

1.e4 d6 2.d4 Nf6 3.Nc3 e5 4.Nf3 Nbd7 5.Bc4 Be7 6.O-O O-O 7.Qe2 c6 8.a4 a5
9.dxe5 Nxe5 10.Nxe5 dxe5 11.Be3 Qc7 12.Rad1 Ng4 13.Bc1 Qb6 14.h3 Nf6 15.Rd3 Ne8
16.Rfd1 Nc7 17.Qh5 Bf6 18.Qxf7+  1-0

[Event "39th Olympiad Men"]
[Site "Khanty-Mansiysk RUS"]
[Date "2010.09.28"]
[Round "7"]
[White "Michiels,B"]
[Black "Galego,L"]
[Result "1/2-1/2"]
[WhiteElo "2459"]
[BlackElo "2500"]

1.e4 d6 2.d4 Nf6 3.Nc3 e5 4.Nf3 Nbd7 5.Bc4 Be7 6.O-O O-O 7.Re1 c6 8.a4 b6
9.d5 Bb7 10.dxc6 Bxc6 11.Bg5 Qc7 12.Bxf6 Nxf6 13.Qd3 Rac8 14.b3 Rfd8 15.Rad1 Bb7
16.Nd2 Qc5 17.Nf1 a6 18.Ne3 b5 19.Bd5 Rd7 20.Bxb7 Rxb7 21.Ncd5 Nxd5 22.Nxd5 Qxc2
23.Qxc2 Rxc2 24.Rc1 Rxc1 25.Rxc1 f5 26.axb5 axb5 27.exf5 Bg5 28.Rc8+ Kf7
29.g4 h5 30.h3 hxg4 31.hxg4 b4 32.Rc6 Ra7 33.Rxd6 e4 34.Re6 e3 35.f4 Ra5
36.fxg5 Rxd5 37.g6+ Kf8 38.Rxe3 Rd4 39.Rg3 Rf4 40.Kg2 Ke7 41.Kh3 Kf6 42.Kh4 Rf1
43.Re3 Rh1+ 44.Kg3 Rg1+ 45.Kf3 Rxg4 46.Re8 Kxf5 47.Rf8+ Kg5 48.Rf7 Rh4 49.Rxg7 Rh3+
50.Ke4 Rxb3 51.Kd4 Rg3  1/2-1/2

[Event "39th Olympiad Men"]
[Site "Khanty-Mansiysk RUS"]
[Date "2010.09.28"]
[Round "7"]
[White "Barrientos,S"]
[Black "Izquierdo,D"]
[Result "1-0"]
[WhiteElo "2464"]
[BlackElo "2275"]

1.e4 d6 2.d4 Nf6 3.Nc3 e5 4.Nf3 Nbd7 5.Bc4 Be7 6.O-O O-O 7.Re1 c6 8.a4 a5
9.Ba2 h6 10.Nh4 exd4 11.Qxd4 Ne5 12.Nf5 Bxf5 13.exf5 Nfd7 14.Bf4 Qc7 15.Rad1 Rad8
16.Ne4 Rfe8 17.Qc3 d5 18.f6 Bb4 19.Qg3 g6 20.Nc3 Bf8 21.Re2 Re6 22.Rde1 Rde8
23.h4 Bd6 24.Bxh6 Nxf6 25.Qh3 Neg4 26.Rxe6 Rxe6 27.Rxe6 fxe6 28.Bg5 Qb6 29.Nd1 Qd4
30.Qd3 Qxd3 31.cxd3 Kf7 32.d4 Nd7 33.f3 Ngf6 34.Kf2 e5 35.dxe5 Bxe5 36.Bb1 Nc5
37.Bc2 Ne6 38.Bd2 Nd4 39.Bc3 Nd7 40.Bb1 Nb6 41.b3 Nd7 42.f4 Bf6 43.Bxd4 Bxd4+
44.Kf3 Nc5 45.Bc2 Bf6 46.Kg4 Ne6 47.Ne3 Nd4 48.Bd1 Ke6 49.h5 Nf5 50.Nf1 Nh6+
51.Kg3 gxh5 52.Bxh5 c5 53.Kf3 Nf5 54.Bg4 c4 55.bxc4 Kd6 56.Bxf5 dxc4 57.Ne3 Kc5
58.Bd7 c3 59.Ke4 Bd4 60.Nc2 Bg7 61.g4 Kc4 62.g5 Kb3 63.Kd3  1-0

[Event "39th Olympiad Men"]
[Site "Khanty-Mansiysk RUS"]
[Date "2010.09.28"]
[Round "7"]
[White "Pavasovic,D"]
[Black "Ivanisevic,I"]
[Result "1/2-1/2"]
[WhiteElo "2568"]
[BlackElo "2613"]

1.e4 d6 2.d4 Nf6 3.Nc3 e5 4.Nf3 Nbd7 5.Bc4 Be7 6.O-O O-O 7.Re1 c6 8.a4 h6
9.a5 Rb8 10.h3 b5 11.axb6 axb6 12.Be3 b5 13.Bd3 Re8 14.Ne2 Bf8 15.Ng3 exd4
16.Nxd4 Ne5 17.f4 Nxd3 18.cxd3 Bd7 19.Qc2 c5  1/2-1/2

[Event "39th Olympiad Women"]
[Site "Khanty-Mansiysk RUS"]
[Date "2010.09.28"]
[Round "7"]
[White "Machalova,V"]
[Black "Chierici,M"]
[Result "1-0"]
[WhiteElo "2229"]
[BlackElo "2033"]

1.e4 d6 2.d4 Nf6 3.Nc3 e5 4.Nf3 Nbd7 5.Bc4 Be7 6.O-O O-O 7.Re1 c6 8.a4 b6
9.d5 cxd5 10.Nxd5 Bb7 11.b3 Rc8 12.Re2 Nxd5 13.Bxd5 Bxd5 14.Qxd5 Nf6 15.Qd2 d5
16.exd5 Qxd5 17.c4 Qxd2 18.Bxd2 Nd7 19.Be3 Bc5 20.Rd1 Bxe3 21.Rxd7 Bc5 22.Rxe5 a5
23.Kf1 g6 24.Nd2 Rfe8 25.Rxe8+ Rxe8 26.Rd3 Re7 27.g3 f5 28.Nb1 f4 29.Nc3 fxg3
30.hxg3 Kg7 31.Nd5 Rf7 32.f4 g5 33.Kg2 Kg6 34.Rd1 gxf4 35.gxf4 Kf5 36.Kf3 h5
37.Re1 Rh7 38.Re5+ Kg6 39.Re6+ Kf7 40.Rf6+ Kg7 41.Rc6 Rh6 42.Rc7+ Kf8 43.Kg3 h4+
44.Kh3 Bd4 45.f5 Ke8 46.Re7+ Kf8 47.Re4 Bf2 48.Re2 Bd4 49.Rd2 Bc5 50.Kg4 Rh8
51.Nf4 Kf7 52.Rd7+ Kf6 53.Nh5+ Rxh5 54.Kxh5 Kxf5 55.Kxh4 Ke4 56.Kg4 Bd4 57.Rd5 Kd3
58.Kf5 Kc3 59.Rb5 Bc5 60.Ke5 Bb4 61.Rxb6 Kxb3 62.c5 Kxa4 63.c6 Be1 64.Kd5 Bg3
65.Kc4 Ka3 66.Kb5  1-0

[Event "39th Olympiad Men"]
[Site "Khanty-Mansiysk RUS"]
[Date "2010.09.28"]
[Round "7"]
[White "Olape,Bunmi"]
[Black "Antoniou,A"]
[Result "1/2-1/2"]
[WhiteElo "2256"]
[BlackElo "2172"]

1.e4 d6 2.d4 Nf6 3.Nc3 e5 4.dxe5 dxe5 5.Qxd8+ Kxd8 6.Nf3 Bd6 7.Bc4 Ke8 8.Bg5 Nbd7
9.O-O-O a6 10.Rhe1 b5 11.Bb3 h6 12.Bh4 Bb7 13.Kb1 g5 14.Bg3 Ke7 15.Nd5+ Nxd5
16.Bxd5 Bxd5 17.exd5 f6 18.Nd4 Kf7 19.Nc6 Rhe8 20.f3 f5 21.h4 Kg6 22.c3 f4
23.Bf2 Nf6 24.hxg5 hxg5 25.g3 e4 26.gxf4 Bxf4 27.fxe4 Rxe4 28.Rxe4 Nxe4 29.Bd4 g4
30.Re1 Re8 31.Kc2 Bd6 32.b3 Nf6 33.Rxe8 Nxe8 34.Kd3 Kf5 35.Bg1 Nf6 36.c4 bxc4+
37.bxc4 Ne4 38.Nd4+ Kf4 39.Be3+ Ke5 40.Nc6+ Kf5 41.Nd4+  1/2-1/2

[Event "39th Olympiad Men"]
[Site "Khanty-Mansiysk RUS"]
[Date "2010.09.28"]
[Round "7"]
[White "Abelgas,Rod"]
[Black "Rowe,P"]
[Result "1-0"]
[WhiteElo "1926"]
[BlackElo "2012"]

1.e4 d6 2.d4 Nf6 3.Nc3 Nbd7 4.f4 e5 5.Nf3 exd4 6.Nxd4 Be7 7.Bd3 c6 8.Nf5 O-O
9.O-O Nc5 10.Nxe7+ Qxe7 11.Qf3 a5 12.Bd2 b5 13.e5 dxe5 14.fxe5 Qxe5 15.Rae1 Qh5
16.Qxc6 Bd7 17.Qd6 Ra6 18.Qd4 Ne6 19.Qe5 Qxe5 20.Rxe5 Nd4 21.Nxb5 Bxb5 22.Bxb5 Rd6
23.Bxa5 Nxc2 24.Rc1 Ng4 25.Re4 Nf6 26.Rh4 Nd4 27.Bc4 Ra8 28.Bc3 Nf5 29.Rf4 Ne3
30.Bxf6 Nxc4 31.Rfxc4 gxf6 32.Rc8+ Rxc8 33.Rxc8+ Kg7 34.Rc2 Rd3 35.Kf1 f5
36.b4 Rd4 37.Rb2 Kf6 38.b5 Ke6 39.b6 Rd8 40.b7 Rb8 41.a4 Kd6 42.a5 Kc7 43.a6 h6
44.Kf2 f4 45.Kf3 f6 46.h4 h5 47.Kxf4  1-0

[Event "39th Olympiad Men"]
[Site "Khanty-Mansiysk RUS"]
[Date "2010.09.28"]
[Round "7"]
[White "Yilmaz,M"]
[Black "Khouseinov,R"]
[Result "1/2-1/2"]
[WhiteElo "2482"]
[BlackElo "2364"]

1.e4 d6 2.d4 Nf6 3.Nc3 c6 4.f4 Qa5 5.e5 Ne4 6.Qf3 Nxc3 7.Bd2 Bf5 8.Bd3 g6
9.bxc3 Qd5 10.Qe2 c5 11.Nf3 Bxd3 12.cxd3 cxd4 13.c4 Qc5 14.Rb1 Bg7 15.Rxb7 O-O
16.e6 f5 17.Rxe7 Bf6 18.Rf7 Rxf7 19.exf7+ Kxf7 20.O-O Na6 21.Re1 Qc8 22.Ng5+ Kg7
23.Qf3 h6 24.Ne6+ Kh8 25.Qd5 Rb8 26.Qxd6 Rb6 27.Qd5 Qc6 28.Qxc6 Rxc6 29.Nf8 Nc5
30.Nxg6+ Kh7 31.Ne7 Ra6 32.Nd5 Kg7 33.Ra1 Nxd3 34.Kf1 Nc5 35.Bb4 Nd3 36.a3 Rc6
37.Nxf6 Kxf6 38.c5 a5 39.Bxa5 Ke6 40.Rd1 Nxc5 41.Bb4 Kd5 42.Rc1 Nd3 43.Rxc6 Kxc6
44.Bd2 Nb2 45.Ke2 Kd5 46.Bc1 Na4 47.Kf3 h5 48.h3 Nc3 49.g4 fxg4+ 50.hxg4 hxg4+
51.Kxg4 Ne2 52.Bd2 Nxf4 53.Kxf4 Kc6 54.a4 Kb7 55.Ke4 d3 56.Kd5 Ka8 57.Kc6 Ka7
58.Kb5 Kb7 59.a5 Ka7 60.a6 Ka8 61.Kb6 Kb8 62.Bf4+ Ka8 63.a7 d2 64.Bxd2  1/2-1/2

[Event "39th Olympiad Men"]
[Site "Khanty-Mansiysk RUS"]
[Date "2010.09.28"]
[Round "7"]
[White "Shiomi,R"]
[Black "Steil Antoni,F"]
[Result "0-1"]
[WhiteElo "2105"]
[BlackElo "2152"]

1.e4 d6 2.d4 Nf6 3.Nc3 Nbd7 4.f4 e5 5.Nf3 exd4 6.Qxd4 c6 7.Be3 d5 8.exd5 Bc5
9.Qd3 Qe7 10.Kd2 cxd5 11.Re1 O-O 12.Bxc5 Qxc5 13.Qd4 Qa5 14.Kc1 Nc5 15.Kb1 Ne6
16.Qe5 Bd7 17.Bd3 Rfe8 18.Ng5 Nxg5 19.Qxg5 h6 20.Qg3 Rec8 21.Re7 Qb4 22.Qe1 Be6
23.Rxe6 fxe6 24.Qxe6+ Kh8 25.Nxd5 Nxd5 26.Qxd5 Re8 27.a3 Qxf4 28.Rf1 Qg4
29.Qf7 b6 30.Rf6 Qg5 31.Rg6 Qe7 32.Rxg7 Qxf7 33.Rxf7 Re6 34.Kc1 a5 35.h4 Rd8
36.Rh7+ Kg8 37.Rb7 Kf8 38.b3 Rd4 39.h5 Rf6 40.Rb8+ Ke7 41.Rb7+ Kd8 42.Rg7 Rd5
43.g4 Rg5 44.Rxg5 hxg5 45.Kd2 Kc7 46.Bf5 Kd6 47.Kd3 Kd5 48.a4 Rd6 49.Bg6 Ke5+
50.Ke3 Rf6 51.Bf5 Rd6 52.c3 Rc6 53.Kd3 Rd6+ 54.Kc4 Rc6+ 55.Kb5 Rf6 56.Kc4 Rc6+
57.Kb5 Rf6 58.Bc8 Rf8 59.Bd7 Rf7 60.Kc6 Rf6+ 61.Kb5 Rf7 62.Kc6 Rf6+ 63.Kc7 Kd5
64.b4 axb4 65.cxb4 Kc4 66.b5 Kc5 67.Bc6 Rf4 68.a5 bxa5 69.b6 Rf6 70.b7 Rxc6+
71.Kd7 Rb6 72.Kc7 a4 73.h6 Rxh6  0-1

[Event "39th Olympiad Women"]
[Site "Khanty-Mansiysk RUS"]
[Date "2010.09.29"]
[Round "8"]
[White "Nguyen Thu Giang"]
[Black "Limontaite,S"]
[Result "0-1"]
[WhiteElo "2108"]
[BlackElo "2187"]

1.e4 d6 2.d4 Nf6 3.Nc3 c6 4.f4 Qa5 5.Bd3 e5 6.Nf3 Nbd7 7.Be3 Ng4 8.Bd2 Qc7
9.h3 Ngf6 10.O-O Be7 11.Qe2 O-O 12.g4 b5 13.Nd1 c5 14.c3 Bb7 15.fxe5 dxe5
16.d5 c4 17.Bc2 Bc8 18.Ne3 Nc5 19.Ng2 Bd6 20.Nfh4 Ne8 21.Nf5 Bxf5 22.Rxf5 Be7
23.Raf1 Nd7 24.g5 Nd6 25.R5f3 a5 26.a3 Nc5 27.h4 Qd7 28.Be1 Qg4 29.Re3 Qxe2
30.Rxe2 f6 31.gxf6 Rxf6 32.Bg3 Rxf1+ 33.Kxf1 Bf6 34.Ne1 Rb8 35.Nf3 Nd7 36.Bf2 Kf7
37.Be3 Ke7 38.Ng5 b4 39.axb4 axb4 40.Ba4 b3 41.Bf2 Bxg5 42.hxg5 Rf8 43.Bxd7 Kxd7
44.Ke1 Rf4 45.Bg3 Rxe4 46.Bxe5 Rg4 47.Bxg7 Rxg5 48.Bf6 Rxd5 49.Re7+ Kc6 50.Rxh7 Ne4
51.Bh8 Nc5 52.Rh2 Nd3+ 53.Kf1 Rf5+ 54.Kg1 Kd5 55.Bd4 Ke4 56.Re2+ Kf3 57.Re3+ Kf4
58.Re2 Ra5 59.Kg2 Ra2 60.Be3+ Kf5 61.Kf3 Rxb2 62.Bd2 Rc2 63.Rh2 b2 64.Rh5+ Kg6
65.Rb5 Rxd2 66.Ke3 Rd1  0-1

[Event "39th Olympiad Women"]
[Site "Khanty-Mansiysk RUS"]
[Date "2010.09.29"]
[Round "8"]
[White "Zawadzka,J"]
[Black "Krivec,J"]
[Result "1/2-1/2"]
[WhiteElo "2410"]
[BlackElo "2309"]

1.e4 d6 2.d4 Nf6 3.Nc3 e5 4.Nf3 Nbd7 5.Bc4 Be7 6.O-O O-O 7.Re1 c6 8.a4 b6
9.d5 cxd5 10.Nxd5 Bb7 11.b3 Rc8 12.Ra2 Nc5 13.Nxf6+ Bxf6 14.Bd5 Qd7 15.Ba3 Bxd5
16.Qxd5 Rfd8 17.h3 Qc6 18.Qxc6 Rxc6 19.Bxc5 dxc5 20.c4 a5 21.Kf1 Rcd6 22.Ke2 Rd3
23.Rb1 Kf8 24.g3 Ke7 25.Rd2 Rxd2+ 26.Nxd2 Ke6 27.Nf3 Be7 28.h4 h5 29.Ne1 Rd4
30.f3 g5 31.hxg5 Bxg5 32.Nd3 f5 33.exf5+ Kxf5 34.Rf1 h4 35.gxh4 Bxh4 36.Rh1 e4
37.fxe4+ Rxe4+ 38.Kf3 Rd4 39.Ke2 Re4+ 40.Kf3  1/2-1/2

[Event "39th Olympiad Men"]
[Site "Khanty-Mansiysk RUS"]
[Date "2010.09.29"]
[Round "8"]
[White "Collins,S IRL"]
[Black "Escobar Forero,A"]
[Result "1/2-1/2"]
[WhiteElo "2431"]
[BlackElo "2454"]

1.e4 d6 2.d4 Nf6 3.Nc3 e5 4.Nf3 Nbd7 5.Bc4 Be7 6.O-O O-O 7.a4 c6 8.Qe2 Qc7
9.Ba2 b6 10.h3 Bb7 11.Bg5 a6 12.Rad1 b5 13.dxe5 dxe5 14.Nh4 Nc5 15.Nf5 Ne6
16.Bh4 Rad8 17.Rxd8 Bxd8 18.Rd1 Bc8 19.axb5 axb5 20.Qf3 Nf4 21.Ne2 Nxe4 22.Rxd8 Rxd8
23.Ne7+ Qxe7 24.Bxe7 Rd1+ 25.Kh2 Nd2 26.Qxc6 Nf1+ 27.Kh1 Ng3+ 28.Kh2  1/2-1/2

[Event "39th Olympiad Men"]
[Site "Khanty-Mansiysk RUS"]
[Date "2010.09.29"]
[Round "8"]
[White "Chan Wei Xuan,T"]
[Black "Kurmann,O"]
[Result "0-1"]
[WhiteElo "2338"]
[BlackElo "2452"]

1.e4 d6 2.d4 Nf6 3.Nc3 e5 4.Nf3 Nbd7 5.Bc4 Be7 6.O-O O-O 7.Re1 a6 8.a4 b6
9.b3 Bb7 10.Bb2 c6 11.Qd2 g6 12.Rad1 b5 13.Bd3 exd4 14.Nxd4 Re8 15.Qh6 Qb6
16.Nce2 Bf8 17.Qh4 Bg7 18.Ng3 Ne5 19.axb5 cxb5 20.Bf1 Qc5 21.h3 b4 22.Kh1 Nd3
23.Ndf5 Nxb2 24.Nxg7 Nxd1 25.Qxf6 Nxf2+ 26.Kh2 Nxe4 27.Rxe4 Rxe4 28.Bc4 Rxc4
29.N7f5 gxf5 30.Qg5+ Kf8 31.Nxf5 Qe5+  0-1

[Event "39th Olympiad Men"]
[Site "Khanty-Mansiysk RUS"]
[Date "2010.09.29"]
[Round "8"]
[White "Gruenfeld,Y"]
[Black "Al Sayed,Mohamad"]
[Result "0-1"]
[WhiteElo "2464"]
[BlackElo "2495"]

1.e4 d6 2.d4 Nf6 3.Nc3 e5 4.Nf3 Nbd7 5.Bc4 Be7 6.O-O O-O 7.Re1 a6 8.a4 b6
9.h3 Bb7 10.d5 c5 11.Nh2 Ne8 12.Nf1 Bc8 13.Be3 g6 14.Bh6 Ng7 15.Qd2 Kh8 16.Ng3 Nf6
17.Rf1 Ng8 18.Be3 f5 19.exf5 gxf5 20.f4 e4 21.Nd1 Rf6 22.Be2 Rh6 23.Bf2 Bh4
24.Ne3 Bd7 25.Rfd1 Rg6 26.Qe1 Bf6 27.c3 Rh6 28.Qf1 Qc8 29.Ra3 Ne7 30.Nc4 Qc7
31.Ne3 Ng6 32.Be1 Rh4 33.Bxa6 Rxf4 34.Qe2 Rg8 35.c4 Rh4 36.Ngf1 Rh6 37.Bb5 Nh5
38.Qc2 Nhf4 39.Ng3 Nh4 40.Bxd7 Qxd7 41.Nexf5 Nxh3+ 42.Kf1 Nxf5 43.Qxe4 Nxg3+
44.Rxg3 Ng5  0-1

[Event "39th Olympiad Men"]
[Site "Khanty-Mansiysk RUS"]
[Date "2010.09.29"]
[Round "8"]
[White "Kongsee,U"]
[Black "Goutali,T"]
[Result "1-0"]
[WhiteElo "2235"]
[BlackElo "2261"]

1.e4 d6 2.d4 Nf6 3.Nc3 Nbd7 4.Nf3 e5 5.Bc4 Be7 6.dxe5 dxe5 7.Ng5 O-O 8.Bxf7+ Rxf7
9.Ne6 Qe8 10.Nxc7 Qd8 11.Nxa8 b6 12.Nd5 Nxd5 13.Qxd5 Nf6 14.Qxd8+ Bxd8 15.Bg5 h6
16.O-O-O Be7 17.Bh4 g5 18.Bg3 Nxe4 19.Nc7 g4 20.Kb1 Bg5 21.Nb5 Nxf2 22.Nd6 Nxh1
23.Nxf7 Kxf7 24.Rxh1 e4 25.Rf1+ Ke6 26.Re1 e3 27.Bf2 Kd5 28.Bxe3 Bf6 29.Bxh6 Bf5
30.Be3 Be4 31.g3 Bf3 32.Kc1 Be5 33.c3 Bg7 34.Kd2 Bf8 35.Bf4 Bc5 36.Re5+ Kc6
37.b4 Bg1 38.Rh5 b5 39.Be3  1-0

[Event "21st Open"]
[Site "Goch GER"]
[Date "2010.09.30"]
[Round "1.21"]
[White "Pohle,D"]
[Black "Roomer,Paul"]
[Result "1-0"]
[WhiteElo "2186"]
[BlackElo "1889"]

1.e4 d6 2.d4 Nf6 3.Nc3 Nbd7 4.Nf3 e5 5.Bc4 h6 6.O-O c6 7.a4 a5 8.Qe2 Qc7
9.Rd1 Be7 10.dxe5 dxe5 11.Nh4 g6 12.Be3 Nh5 13.Nf5 Bf8 14.Bxf7+ Kxf7 15.Qc4+ Kf6
16.Nd5+ cxd5 17.Qxc7 gxf5 18.Rxd5 f4 19.Qd8+  1-0

[Event "39th Olympiad Men"]
[Site "Khanty-Mansiysk RUS"]
[Date "2010.09.30"]
[Round "9"]
[White "Leon Hoyos,M"]
[Black "Sjugirov,S"]
[Result "1/2-1/2"]
[WhiteElo "2579"]
[BlackElo "2627"]

1.e4 d6 2.d4 Nf6 3.Nc3 e5 4.Nf3 Nbd7 5.Bc4 Be7 6.O-O O-O 7.Re1 c6 8.a4 b6
9.Ba2 a6 10.h3 Rb8 11.Be3 b5 12.axb5 axb5 13.b4 Qc7 14.Qd3 Nb6 15.Bb3 h6
16.dxe5 dxe5 17.Bc5 Bxc5 18.bxc5 Nbd7 19.Qe3 b4 20.Na4 Rb5 21.Nd2 Ba6 22.Nc4 Rbb8
23.Nd6 Bb5 24.Nb2 Rbd8 25.Red1 Ne8 26.Nf5 Kh7 27.Qd2 Nef6 28.Qe3 Ne8 29.f3 Nef6
30.Nd6 Kg8 31.Rd2 Nh5 32.Rad1 Nf4 33.Kh2 Qa7 34.Nxb5 cxb5 35.Nd3 Rc8 36.Nxe5 Nxe5
37.Qxf4 Rxc5 38.Qg3 Qe7 39.Rd5 Nc4 40.Qf2 Rfc8 41.Kg1 R8c7 42.Qd4 Kh7 43.Rxc5 Rxc5
44.Qd7 Qf6 45.Rd5 Qa1+ 46.Kf2 Rxd5 47.Qxd5 Qa7+ 48.Kg3 Qc7+ 49.Kf2 Qa7+ 50.Kg3 Qc7+
51.f4 g5 52.Qf5+ Kg8 53.h4 gxf4+ 54.Qxf4 Qb6 55.Kh3 Kg7 56.Qg4+ Kh7 57.Qf5+ Kg7
58.Qg4+ Kh7 59.Qf4 Kg7 60.Qg4+ Kh7 61.Kh2 Qd6+ 62.g3 Qd2+ 63.Kh3 Qe1 64.Qf5+ Kg7
65.Qg4+ Kh7 66.Qf5+ Kg7 67.Qg4+ Kh7 68.Qf3 Kg7 69.Qg4+ Kh7 70.Qf3 Kg7 71.Qg4+  1/2-1/2

[Event "39th Olympiad Women"]
[Site "Khanty-Mansiysk RUS"]
[Date "2010.09.30"]
[Round "9"]
[White "Pourkashiyan,A"]
[Black "Heinatz,G"]
[Result "0-1"]
[WhiteElo "2322"]
[BlackElo "2228"]

1.e4 d6 2.d4 Nf6 3.Nc3 e5 4.Nf3 Nbd7 5.Bc4 Be7 6.O-O h6 7.Re1 c6 8.a4 Qc7
9.a5 Nf8 10.Nh4 g6 11.h3 Bd7 12.Be3 Ne6 13.d5 Ng5 14.Qd3 Nh5 15.Kh2 Nxh3
16.dxc6 bxc6 17.Nxg6 fxg6 18.gxh3 Rf8 19.Bxh6 Rh8 20.Qd2 Bxh3 21.Kxh3 Qd7+
22.Kg2 Nf4+ 23.Qxf4 exf4 24.Rh1 Qg4+ 25.Kf1 f3 26.Ke1 Bg5 27.Rd1 Rd8 28.Nd5 Qxe4+  0-1

[Event "39th Olympiad Men"]
[Site "Khanty-Mansiysk RUS"]
[Date "2010.09.30"]
[Round "9"]
[White "Gonzalez,Be CRC"]
[Black "Shaw,J"]
[Result "0-1"]
[WhiteElo "2423"]
[BlackElo "2446"]

1.e4 d6 2.d4 Nf6 3.Nc3 e5 4.Nf3 Nbd7 5.Bc4 Be7 6.O-O O-O 7.Re1 c6 8.a4 h6
9.h3 Re8 10.a5 Qc7 11.d5 b5 12.Ba2 b4 13.dxc6 bxc3 14.cxd7 Bxd7 15.bxc3 Qxc3
16.Ba3 Qc7 17.Nh4 Be6 18.Bxe6 fxe6 19.Ng6 Rad8 20.Qd3 Kf7 21.Nxe7 Rxe7 22.Bb4 Red7
23.a6 Rc8 24.c3 Qc4 25.Qxc4 Rxc4 26.f3 Rc6 27.Red1 Ne8 28.Ra5 Rdc7 29.g3 Rb6
30.f4 exf4 31.gxf4 Rcc6 32.e5 d5 33.Bc5 Rxa6 34.Rxa6 Rxa6 35.Rb1 Rc6 36.Bd4 Nc7
37.Bxa7 Rxc3 38.Rb7 Kg6 39.Bb8 Na6 40.Bd6 Nc5 41.Re7 Nd3 42.Rxe6+ Kf5 43.Re7 Nxf4
44.Rf7+ Ke4 45.Rxg7 Nxh3+ 46.Kh2 Nf4 47.Re7 Rh3+ 48.Kg1 Rg3+ 49.Kh2 Rg2+
50.Kh1 Rg6 51.Rf7 d4 52.Bc7 d3 53.Ba5 Ke3 54.Rf6 Rg5 55.Rxh6 Rxe5 56.Be1 Rb5
57.Rh8 Kf3 58.Bc3 Nd5 59.Rh3+ Ke2 60.Rh2+ Kf1 61.Bd2 Nf6 62.Rh4 Ng4 63.Bf4 Nf2+
64.Kh2 Rb4 65.Kg3 Rb3 66.Bd2 Ke2 67.Rb4 Ne4+ 68.Rxe4+ Kxd2 69.Rc4 Rb8 70.Rc7 Rf8  0-1

[Event "39th Olympiad Women"]
[Site "Khanty-Mansiysk RUS"]
[Date "2010.10.01"]
[Round "10"]
[White "Sabirova,O"]
[Black "Krivec,J"]
[Result "1/2-1/2"]
[WhiteElo "2216"]
[BlackElo "2309"]

1.e4 d6 2.d4 Nf6 3.Nc3 e5 4.Nf3 Nbd7 5.Bc4 Be7 6.O-O O-O 7.Re1 c6 8.a4 b6
9.b3 a6 10.Bb2 Bb7 11.Bd3 g6 12.dxe5 dxe5 13.Ne2 Qc7 14.Ng3 Bb4 15.c3 Bd6
16.b4 c5 17.Ba3 Rfd8 18.Qe2 Nf8 19.Bc4 h6  1/2-1/2